ბათუმის შოთა რუსთაველის სახელმწიფო უნივერსიტეტის ბიბლიოთეკა

Современные методы и технологии бурения нефтяных и газовых скважин. (ბიბ.ჩანაწერი № 40639)

000 -LEADER
fixed length control field 00989nam a2200229Ia 4500
001 - CONTROL NUMBER
control field 7267
003 - CONTROL NUMBER IDENTIFIER
control field GE_BSU
008 - FIXED-LENGTH DATA ELEMENTS--GENERAL INFORMATION
fixed length control field 181216s||||||||xx |||||||||||||| ||und||
020 ## - INTERNATIONAL STANDARD BOOK NUMBER
International Standard Book Number 9789941148309
040 ## - CATALOGING SOURCE
Transcribing agency GE_BSU
080 ## - UNIVERSAL DECIMAL CLASSIFICATION NUMBER
Universal Decimal Classification number 622.24(075.8)
100 ## - MAIN ENTRY--PERSONAL NAME
Personal name Варшаломидзе,Г.
245 ## - TITLE STATEMENT
Title Современные методы и технологии бурения нефтяных и газовых скважин.
260 ## - PUBLICATION, DISTRIBUTION, ETC.
Place of publication, distribution, etc. Тбилиси
260 ## - PUBLICATION, DISTRIBUTION, ETC.
Name of publisher, distributor, etc. Технический ун-т.
260 ## - PUBLICATION, DISTRIBUTION, ETC.
Date of publication, distribution, etc. 2010.
300 ## - PHYSICAL DESCRIPTION
Extent 1001стр.ил,25см
653 ## - INDEX TERM--UNCONTROLLED
Uncontrolled term Современные методы и технологии бурения нефтяных и газовых скважин.
653 ## - INDEX TERM--UNCONTROLLED
Uncontrolled term თანამედროვე მეთოდები და ტექნოლოგიები საბურღი ნავთობისა და გაზის ჭაბურღილების.
653 ## - INDEX TERM--UNCONTROLLED
Uncontrolled term ინჟინერია
942 ## - ADDED ENTRY ELEMENTS (KOHA)
Koha item type წიგნი
ეგზემპლარები
Withdrawn status Lost status Damaged status Not for loan Date acquired Barcode Date last seen Price effective from Koha item type
        2018-12-17 48234 2018-12-17 2018-12-17 წიგნი